000 00234nam a2200097Ia 4500
001 688347
005 20250826161613.0
008 250824s9999 xx 000 0 und d
245 0 _aŞERMİN
_cTEVFİK FİKRET
260 _bTİMAŞ YAYINLARI
999 _c688347
_d688347